Desarrollo moral y educación moral : la perspectiva cognitivo-formalista (Record no. 65760)

MARC details
000 -CABECERA
campo de control de longitud fija 00640nam a2200217 a 4500
005 - FECHA Y HORA DE LA ÚLTIMA TRANSACCIÓN
campo de control 20210223123826.0
008 - ELEMENTOS DE LONGITUD FIJA--INFORMACIÓN GENERAL
campo de control de longitud fija 991125n 000 0 spa u
035 ## - NÚMERO DE CONTROL DEL SISTEMA
Número de control de sistema UPN01000071834
100 ## - ASIENTO PRINCIPAL--NOMBRE PERSONAL
Nombre de persona BOLIVAR BOTIA, Antonio, 1952-
9 (RLIN) 31294
222 ## - TÍTULO CLAVE
Título clave REVISTA ESPAÑOLA DE PEDAGOGÍA
245 ## - MENCIÓN DE TÍTULO
Título Desarrollo moral y educación moral : la perspectiva cognitivo-formalista
300 ## - DESCRIPCIÓN FÍSICA
Extensión 395-409
362 ## - FECHAS DE PUBLICACIÓN Y/O DESIGNACIÓN SECUENCIAL
Fecha de publicación y/o designación secuencial 1987 Año 45, no. 177, (jul.-sep.)
653 0# - TERMINO DE INDIZACION - NO CONTROLADO
Término no controlado APRENDIZAJE
653 0# - TERMINO DE INDIZACION - NO CONTROLADO
Término no controlado DESARROLLO MORAL
653 0# - TERMINO DE INDIZACION - NO CONTROLADO
Término no controlado EDUCACION MORAL
653 0# - TERMINO DE INDIZACION - NO CONTROLADO
Término no controlado FILOSOFIA EDUCATIVA
653 0# - TERMINO DE INDIZACION - NO CONTROLADO
Término no controlado HISTORIA
904 ## - ELEMENTOS DE DATOS D LOCAL, LDD (RLIN)
a AC
b 009645
905 ## - TIPO DE MATERIAL
Tipo de material Articulo

No items available.